Plannnnnn - Statistiques

Statistiques générales
  • Ce quiz a été pris 32 fois
  • Le résultat moyen est 27 sur 200
Réponses sur la Carte
Les réponses sont colorées sur une échelle allant du rouge au vert en fonction du pourcentage des utilisateurs qui les ont devinées à leur premier essai. Vous pouvez retrouver ces pourcentages ci-dessous.
 
Statistiques - réponses
Réponse % Correct
DIRECTION DU RENSEIGNEMENT MILITAIRE
36%
CS Alumni
32%
Argon & Co
27%
L'Oréal France
27%
Ministère de la transition écologique
27%
Alvarez & Marsal
23%
ARTHUR D.LITTLE
23%
Association du Collège des Ingénieurs
23%
Cartier International groupe
23%
CEA
23%
COLAS
23%
Deloitte
23%
DNV
23%
EIFFAGE
23%
Equans
23%
GALADRIM
23%
GITGUARDIAN
23%
Inspection Générale des Finances
23%
LES LABORATOIRES SERVIER
23%
OLIVER WYMAN SNC
23%
Orange
23%
Oresys
23%
PwC France
23%
SPIE BATIGNOLLES GROUPE
23%
TECHNIQUE SOLAIRE
23%
TOTALENERGIES
23%
VOCCA.AI
23%
Accuracy
18%
ADVANCY
18%
AIR LIQUIDE
18%
ALPIC.AI
18%
ARTEFACT
18%
Carrefour Group
18%
Chantiers de l'Atlantique
18%
DGSE
18%
DIGITAL TECH YEAR
18%
Eleven Strategy
18%
EY Services France
18%
FIVES GROUPE
18%
GIE AXA FRANCE
18%
Hermès
18%
Kea & Partners
18%
LVMH
18%
Mairie de Trappes
18%
Marine nationale
18%
MICHELIN GROUPE
18%
NEOEN
18%
NGE
18%
ODDO BHF
18%
PERENCO
18%
POLYCEA
18%
Porsche Consulting
18%
Razel-Bec
18%
SFR
18%
SORACCEL
18%
Stanwell
18%
SUPERGRID INSTITUTE
18%
Talan Corporate
18%
Technip Energie
18%
AEROPORTS DE PARIS
14%
AIR FRANCE
14%
ALSTOM
14%
Alten
14%
Altman Solon
14%
ArianeGroup
14%
Arkema Groupe
14%
ARTELIA
14%
AXA INVESTMENT MANAGERS SA
14%
Bain et Compagnie
14%
Banque de France
14%
BNP PARIBAS
14%
Bouygues Construction
14%
BPCE
14%
CMA CGM
14%
Constellium Paris
14%
Corporate Value Associates
14%
CREDIT AGRICOLE CIB
14%
Cubist Systematic Strategies
14%
DASSAULT SYSTEMES
14%
EDF
14%
Eurofins
14%
Eurogroup Consulting
14%
Exiom Partners Groupe
14%
Forvis Mazar IT
14%
FRAMATOME
14%
Gojob
14%
Groupama Asset Management
14%
Groupe RATP
14%
Headmind PARTNERS
14%
HELLO WATT
14%
IMAGINO
14%
IPSEN
14%
ITP Interpipe
14%
JP MORGAN
14%
KPMG
14%
L-ACOUSTICS
14%
LA VOIX
14%
MBDA
14%
McKinsey & Company, Inc France
14%
Morgan Stanley
14%
Murex
14%
NAVAL GROUP
14%
OCP
14%
Orano
14%
Osiris
14%
Qube Research and Technologies
14%
Renault Group
14%
REVOLUT
14%
Safran
14%
Saint-Gobain Expertise et Service
14%
SCHNEIDER ELECTRIC
14%
Société Generale
14%
Sopra Steria Next
14%
SPARK
14%
STEP Consulting
14%
STOCKLY
14%
Talisker Consulting
14%
TechnicAtome
14%
Thales
14%
THEODO
14%
Veolia
14%
VINCI
14%
VIRIDIEN
14%
WITHINGS
14%
ZOE CARE
14%
Accenture
9%
ACTIVEVIAM
9%
AKKODIS
9%
Akoya
9%
ALCIMED
9%
ALTAREA GROUPE
9%
Amundi AM
9%
Archery Strategy Consulting
9%
ATTIJARIWAFA BANK
9%
BETCLIC
9%
BLOCKPULSE
9%
BOSTON CONSULTING GROUP
9%
Bouygues Telecom
9%
BPIFRANCE INVESTISSEMENT
9%
CAPGEMINI
9%
Capital Fund Management
9%
Centerview Partners
9%
COLOMBUS CONSULTING
9%
Criteo Technology SAS
9%
Dassault Aviation Groupe
9%
DiliTrust
9%
EFESO
9%
ENEDIS
9%
Exail
9%
EXOTEC
9%
EY Parthenon
9%
Forvis Mazar Conseil
9%
GROUPE SEB
9%
IBM CONSULTING
9%
JOKO
9%
Kearney
9%
KLEE GROUP
9%
LAZARD
9%
Manty
9%
Melexis NV France B.O
9%
MILLENNIUM
9%
MP DATA
9%
NABLA
9%
Numworks
9%
Onehive
9%
Onepoint
9%
Padoa
9%
PLASSERAUD
9%
QUANTUM SURGICAL
9%
Roland Berger
9%
RTE
9%
Sagemcom
9%
SETEC AS
9%
Sia
9%
SNCF Optimservices
9%
SNEF GROUPE
9%
Sysnav
9%
Wavestone
9%
WEGLOT
9%
AMENTUM
5%
Cylad
5%
Datadog Groupe
5%
Descartes Underwriting
5%
Eight Advisory France
5%
GETAPONY
5%
Kayrros
5%
Nova In Silico
5%
Pelico
5%
POLYNOM
5%
Sonio
5%
SOPRA STERIA GROUPE
5%
STMICROELECTRONICS
5%
ZETRA
5%
AMADEUS
0%
BEINK DREAM
0%
MAKI PEOPLE
0%
Neode Systems
0%
Nexans France
0%
PLEIAS
0%
WESYPE
0%
Aucun quiz correspondant
Distribution des résultats
% des personnes avec chaque résultat
Percentile par nombre de réponses
Votre historique - résultats
Vous n’avez pas pris ce quiz